[Event "EU Small Countries blitz op 8th"]
[Site "St Helier"]
[Date "2023.11.02"]
[Round "10"]
[White "Heron, Andrew"]
[Black "Zerafa, Robert"]
[Result "1-0"]
[WhiteElo "1769"]
[BlackElo "2169"]
[PlyCount "85"]
[EventDate "2023.11.02"]
[EventType "swiss (blitz)"]
[EventRounds "11"]
[EventCountry "GCI"]
[SourceTitle "CB46_2023"]
[SourceDate "2023.11.15"]
[SourceVersion "1"]
[SourceVersionDate "2023.11.15"]
[SourceQuality "1"]

1. e4 d6 2. d4 g6 3. Nf3 Bg7 4. Nc3 a6 5. Be2 b5 6. a3 Bb7 7. 0-0 Nf6 8. e5 Nd5 9. Nxd5 Bxd5 10. h3 0-0 11. Bf4 f6 12. exd6 cxd6 13. a4 b4 14. c4 bxc3 15. bxc3 e5 16. Bh2 Nc6 17. c4 Bxf3 18. Bxf3 Nxd4 19. Bxa8 Qxa8 20. f4 Rc8 21. Qd3 Qa7 22. Kh1 Qc5 23. Bg1 Qxc4 24. Qxc4+ Rxc4 25. fxe5 fxe5 26. Bxd4 Rxd4 27. Rac1 h5 28. Rc8+ Kh7 29. Rc6 a5 30. Rf7 Rd1+ 31. Kh2 Kh6 32. Rcc7 e4 33. Rxg7 Kg5 34. Rge7 d5 35. Rc5 Kf4 36. Rxa5 e3 37. Ra6 d4 38. Rf6+ Kg5 39. Rd6 Rd2 40. a5 e2 41. a6 d3 42. a7 Ra2 43. Rxd3 1-0

[Event "EU Small Countries blitz op 8th"]
[Site "St Helier"]
[Date "2023.11.02"]
[Round "3"]
[White "Rodgaard, John"]
[Black "Zerafa, Robert"]
[Result "1-0"]
[WhiteElo "2320"]
[BlackElo "2169"]
[PlyCount "51"]
[EventDate "2023.11.02"]
[EventType "swiss (blitz)"]
[EventRounds "11"]
[EventCountry "GCI"]
[SourceTitle "CB46_2023"]
[SourceDate "2023.11.15"]
[SourceVersion "1"]
[SourceVersionDate "2023.11.15"]
[SourceQuality "1"]

1. Nf3 Nf6 2. c4 g6 3. Nc3 d5 4. cxd5 Nxd5 5. e3 Bg7 6. Bc4 Nb6 7. Bb3 0-0 8. d4 Nc6 9. 0-0 Bg4 10. h3 Bxf3 11. Qxf3 e5 12. d5 Na5 13. Bc2 Kh8 14. Rd1 Nac4 15. e4 a5 16. b3 Nd6 17. Ba3 f5 18. Rac1 fxe4 19. Qe2 Rf4 20. Nxe4 Nf5 21. Nc5 Rd4 22. Ne6 Qxd5 23. Nxc7 Qd8 24. Nxa8 Nxa8 25. Bxf5 gxf5 26. Bb2 1-0

[Event "EU Small Countries blitz op 8th"]
[Site "St Helier"]
[Date "2023.11.02"]
[Round "4"]
[White "Zerafa, Robert"]
[Black "Pace, Colin"]
[Result "0-1"]
[WhiteElo "2169"]
[BlackElo "2068"]
[PlyCount "126"]
[EventDate "2023.11.02"]
[EventType "swiss (blitz)"]
[EventRounds "11"]
[EventCountry "GCI"]
[SourceTitle "CB46_2023"]
[SourceDate "2023.11.15"]
[SourceVersion "1"]
[SourceVersionDate "2023.11.15"]
[SourceQuality "1"]

1. e4 c5 2. Nf3 Nc6 3. g3 d5 4. exd5 Qxd5 5. Bg2 Qe6+ 6. Kf1 Nf6 7. Nc3 g6 8. d3 Bg7 9. Bf4 0-0 10. Qd2 Nd4 11. Ng5 Qb6 12. b3 Bd7 13. Re1 Rae8 14. Be5 Bc6 15. Bxf6 Bxf6 16. Nge4 Bg7 17. h4 h5 18. Ng5 Qd8 19. a4 Qd7 20. Nce4 b6 21. Bh3 e6 22. Bg2 Nf5 23. Qf4 e5 24. Qf3 Nd4 25. Qd1 f5 26. Nd2 Bxg2+ 27. Kxg2 Qd5+ 28. Kh2 Bh6 29. Re3 f4 30. Re4 fxg3+ 31. fxg3 Rf2+ 32. Kg1 Ref8 33. Rh2 R2f5 34. Re1 Bxg5 35. hxg5 Rxg5 36. Ne4 Nf3+ 37. Kg2 Nxe1+ 38. Qxe1 Rgf5 39. Kh3 Qe6 40. Kg2 Qf7 41. Rh1 Rf3 42. Qe2 Qf5 43. Rd1 h4 44. Rh1 hxg3 45. Rh3 Rf2+ 46. Nxf2 Qxf2+ 47. Qxf2 Rxf2+ 48. Kxg3 Rxc2 49. Kf3 Rc3 50. Ke4 Rxb3 51. Kxe5 c4 52. Kf6 Rxd3 53. Rh4 Rd6+ 54. Ke7 Rc6 55. Rf4 c3 56. Rf8+ Kg7 57. Rf7+ Kh6 58. Rf1 c2 59. Rc1 Kg5 60. Kd7 Rc5 61. Kd6 a5 62. Ke6 Kf4 63. Kf6 g5 0-1

[Event "EU Small Countries ol 6th"]
[Site "San Marino"]
[Date "2019.03.27"]
[Round "5.2"]
[White "Zerafa, Robert"]
[Black "Damianou, Ioannis"]
[Result "1-0"]
[WhiteElo "2118"]
[BlackElo "2202"]
[PlyCount "57"]
[EventDate "2019.03.24"]
[EventType "team-tourn"]
[EventRounds "9"]
[EventCountry "SMR"]
[SourceTitle "CBM 189 Extra"]
[Source "ChessBase"]
[SourceDate "2019.06.03"]
[SourceVersion "1"]
[SourceVersionDate "2019.06.03"]
[SourceQuality "1"]
[WhiteTeam "Malta"]
[BlackTeam "Cyprus"]
[WhiteTeamCountry "MLT"]
[BlackTeamCountry "CYP"]

1. d4 Nf6 2. c4 e6 3. Nf3 d5 4. g3 Be7 5. Bg2 0-0 6. 0-0 c6 7. Nc3 b6 8. Bf4 Nh5 9. Rc1 Bb7 10. Ne5 f6 11. Ng4 e5 12. dxe5 Nxf4 13. exf6 Bxf6 14. Nxf6+ Qxf6 15. gxf4 dxc4 16. Ne4 Qxb2 17. Qd6 Na6 18. Rc3 Rae8 19. Rg3 c5 20. Nc3 Bxg2 21. Kxg2 g6 22. e4 Qc2 23. Qd7 Nb4 24. Rh3 h5 25. Rg3 Kh8 26. Kh1 Nd3 27. Rxg6 Nxf2+ 28. Rxf2 Qc1+ 29. Nd1 1-0

[Event "EU Small Countries ol 6th"]
[Site "San Marino"]
[Date "2019.03.25"]
[Round "3.3"]
[White "Zerafa, Robert"]
[Black "Ribbegren, Karl Johan"]
[Result "1-0"]
[WhiteElo "2118"]
[BlackElo "2248"]
[PlyCount "87"]
[EventDate "2019.03.24"]
[EventType "team-tourn"]
[EventRounds "9"]
[EventCountry "SMR"]
[SourceTitle "CBM 189 Extra"]
[Source "ChessBase"]
[SourceDate "2019.06.03"]
[SourceVersion "1"]
[SourceVersionDate "2019.06.03"]
[SourceQuality "1"]
[WhiteTeam "Malta"]
[BlackTeam "Monaco"]
[WhiteTeamCountry "MLT"]
[BlackTeamCountry "MNC"]

1. e4 Nf6 2. e5 Nd5 3. d4 Nb6 4. Nf3 d5 5. Bd3 Bg4 6. h3 e6 7. 0-0 Bxf3 8. Qxf3 c5 9. dxc5 Bxc5 10. Qg3 g6 11. Nd2 Nc6 12. a3 Nd7 13. Nf3 Qc7 14. b4 Bb6 15. Re1 0-0-0 16. Be3 Kb8 17. Bb5 Ne7 18. Bxb6 Qxb6 19. c4 dxc4 20. Bxc4 h6 21. Qf4 Nf5 22. g4 g5 23. Qe4 Ne7 24. Rad1 Qc6 25. Qxc6 Nxc6 26. Bb5 Nb6 27. Bxc6 bxc6 28. Nd4 Kb7 29. Nb3 Nd5 30. Rc1 Ne7 31. Rc3 Rd5 32. Kg2 Rc8 33. Rf3 Rf8 34. Nc5+ Kb8 35. Nxe6 Rg8 36. Rxf7 Ng6 37. Nc5 Re8 38. e6 Rd6 39. Rf6 Nf4+ 40. Kf3 Nxh3 41. Rxh6 Nf4 42. Re5 Rd5 43. Rf5 Rd4 44. Rxg5 1-0

[Event "Olympiad-43"]
[Site "Batumi"]
[Date "2018.10.03"]
[Round "9.1"]
[White "Zerafa, Robert"]
[Black "Khetho, Phemelo"]
[Result "0-1"]
[WhiteElo "2085"]
[BlackElo "2158"]
[PlyCount "113"]
[EventDate "2018.09.24"]
[EventType "team-swiss"]
[EventRounds "11"]
[EventCountry "GEO"]
[SourceTitle "CBM 187"]
[Source "ChessBase"]
[SourceDate "2018.12.11"]
[SourceVersion "1"]
[SourceVersionDate "2018.12.11"]
[SourceQuality "1"]
[WhiteTeam "Malta"]
[BlackTeam "Botswana"]
[WhiteTeamCountry "MLT"]
[BlackTeamCountry "BOT"]

1. e4 c5 2. b3 d6 3. Bb5+ Bd7 4. Bxd7+ Qxd7 5. Bb2 Nc6 6. d3 e5 7. f4 Nge7 8. fxe5 dxe5 9. Nf3 f6 10. Nbd2 Nd4 11. a4 Nec6 12. 0-0 Be7 13. Nc4 g6 14. Kh1 0-0-0 15. Qd2 h5 16. a5 Kb8 17. Rab1 h4 18. Bxd4 exd4 19. Qf4+ Qc7 20. Qxc7+ Kxc7 21. h3 g5 22. Nh2 Kd7 23. Ng4 Ke6 24. Kg1 Rdg8 25. Rf2 Rg6 26. Kf1 Rc8 27. Ke2 Nb4 28. Kd2 Bd8 29. Rbf1 Nc6 30. Ke2 Nb4 31. Kd1 b5 32. axb6 axb6 33. e5 b5 34. Nd6 Ra8 35. Nxb5 Ra1+ 36. Kd2 Rxf1 37. Rxf1 f5 38. Nh2 Kxe5 39. Nf3+ Kd5 40. Na3 g4 41. Ne1 Bg5+ 42. Kd1 Ke6 43. Nc4 Nd5 44. Ke2 Rg8 45. hxg4 fxg4 46. Rf2 Ra8 47. Kf1 Ne3+ 48. Ke2 Nf5 49. Rxf5 Kxf5 50. Nd6+ Kf4 51. Ne4 Be7 52. Kf2 Ra1 53. Ke2 Rb1 54. g3+ hxg3 55. Ng2+ Ke5 56. Nd2 Rg1 57. Ne1 0-1

[Event "Olympiad-43"]
[Site "Batumi"]
[Date "2018.10.02"]
[Round "8.1"]
[White "Gemy Vargas, Jose Daniel"]
[Black "Zerafa, Robert"]
[Result "1-0"]
[WhiteElo "2400"]
[BlackElo "2085"]
[PlyCount "113"]
[EventDate "2018.09.24"]
[EventType "team-swiss"]
[EventRounds "11"]
[EventCountry "GEO"]
[SourceTitle "CBM 187"]
[Source "ChessBase"]
[SourceDate "2018.12.11"]
[SourceVersion "1"]
[SourceVersionDate "2018.12.11"]
[SourceQuality "1"]
[WhiteTeam "Bolivia"]
[BlackTeam "Malta"]
[WhiteTeamCountry "BOL"]
[BlackTeamCountry "MLT"]

1. e4 e5 2. Nf3 Nc6 3. Bc4 Bc5 4. 0-0 Nf6 5. b4 Bxb4 6. c3 Be7 7. d4 d6 8. Nbd2 0-0 9. Bd3 Re8 10. h3 Bf8 11. Re1 Rb8 12. a4 exd4 13. cxd4 Nb4 14. Bb1 a5 15. Nb3 d5 16. e5 Ne4 17. Bb2 Bf5 18. Qe2 Bg6 19. Nxa5 c5 20. Nc4 Ng5 21. Ne3 c4 22. Nf5 Nxf3+ 23. Qxf3 Nc6 24. Ne3 Qa5 25. Bxg6 hxg6 26. Nxd5 Rbd8 27. Nf4 Nxd4 28. Bxd4 Rxd4 29. e6 Qf5 30. exf7+ Qxf7 31. Rxe8 Qxe8 32. Rb1 c3 33. Ne2 Rb4 34. Rc1 Rxa4 35. Nxc3 Rb4 36. Nd5 Rb2 37. Nf4 Qf7 38. Rc8 Rb6 39. Qg4 Rf6 40. g3 b6 41. Qg5 Rd6 42. Qe5 Qd7 43. Rb8 Qc6 44. Kh2 Qc5 45. Qe2 Rf6 46. h4 Kh7 47. Nh3 Qd5 48. Kg1 Kg8 49. Qb2 Re6 50. Qb4 Qd6 51. Qb3 Qxb8 52. Qxe6+ Kh7 53. Ng5+ Kh6 54. Qg8 Kh5 55. Qh7+ Kg4 56. Qxg6 Bc5 57. Kg2 1-0

[Event "EU Small Countries ol 5th"]
[Site "Andorra"]
[Date "2017.11.18"]
[Round "9.1"]
[White "Antoniou, Antonis"]
[Black "Zerafa, Robert"]
[Result "1/2-1/2"]
[WhiteElo "2164"]
[BlackElo "2101"]
[PlyCount "84"]
[EventDate "2017.11.12"]
[EventType "team-tourn"]
[EventRounds "9"]
[EventCountry "AND"]
[SourceTitle "CBM 181 Extra"]
[Source "ChessBase"]
[SourceDate "2017.12.12"]
[SourceVersion "1"]
[SourceVersionDate "2017.12.12"]
[SourceQuality "1"]
[WhiteTeam "Cyprus"]
[BlackTeam "Malta"]
[WhiteTeamCountry "CYP"]
[BlackTeamCountry "MLT"]

1. e4 d6 2. d4 Nf6 3. Nc3 g6 4. Be3 Bg7 5. Qd2 h6 6. 0-0-0 Nbd7 7. h3 Nb6 8. f4 c6 9. g4 d5 10. e5 Ng8 11. Qf2 e6 12. Nf3 Nc4 13. Bxc4 dxc4 14. Nd2 b5 15. Qf3 Bd7 16. f5 exf5 17. gxf5 Bxf5 18. Qxc6+ Bd7 19. Qf3 Ne7 20. Nde4 0-0 21. Nd6 Rb8 22. Nce4 Nd5 23. Rdf1 Qa5 24. Nf6+ Bxf6 25. Qxd5 Be6 26. Qc5 Bg7 27. a3 Qb6 28. Qxb6 Rxb6 29. h4 Bd5 30. Rhg1 h5 31. Bg5 Ra8 32. Rf4 c3 33. Rgf1 cxb2+ 34. Kxb2 b4 35. axb4 Rxb4+ 36. Kc3 Ra4 37. Kd2 Rb8 38. Nxf7 Bxf7 39. Rxf7 Rxd4+ 40. Ke3 Bxe5 41. Re7 Bh8 42. Bf6 Bxf6 1/2-1/2

[Event "EU Small Countries ol 5th"]
[Site "Andorra"]
[Date "2017.11.16"]
[Round "7.1"]
[White "Ziska, Helgi Dam"]
[Black "Zerafa, Robert"]
[Result "1-0"]
[WhiteElo "2543"]
[BlackElo "2101"]
[PlyCount "59"]
[EventDate "2017.11.12"]
[EventType "team-tourn"]
[EventRounds "9"]
[EventCountry "AND"]
[SourceTitle "CBM 181 Extra"]
[Source "ChessBase"]
[SourceDate "2017.12.12"]
[SourceVersion "1"]
[SourceVersionDate "2017.12.12"]
[SourceQuality "1"]
[WhiteTeam "Faroe Islands"]
[BlackTeam "Malta"]
[WhiteTeamCountry "FAI"]
[BlackTeamCountry "MLT"]

1. e4 d6 2. d4 Nf6 3. Nc3 g6 4. Bg5 Bg7 5. Qd2 h6 6. Bf4 g5 7. Bg3 Nh5 8. 0-0-0 a6 9. Nge2 Nd7 10. e5 dxe5 11. dxe5 Nxg3 12. hxg3 Bxe5 13. f4 gxf4 14. gxf4 Bd6 15. Ne4 Nf6 16. Nxf6+ exf6 17. Ng3 Be6 18. Ne4 Qe7 19. Nxd6+ Qxd6 20. Qe3 Qb6 21. Qc3 Ke7 22. Re1 Kd7 23. Qxf6 Qa5 24. Rd1+ Kc6 25. Bd3 Qxa2 26. f5 Rhg8 27. Qc3+ Kb6 28. Qd4+ Kc6 29. Be4+ Kb5 30. fxe6 1-0

[Event "Marianske Lazne op 16th"]
[Site "Marianske Lazne"]
[Date "2017.01.24"]
[Round "5"]
[White "Zerafa, Robert"]
[Black "Harazinska, Magdalena"]
[Result "1/2-1/2"]
[WhiteElo "2083"]
[BlackElo "1930"]
[PlyCount "63"]
[EventDate "2017.01.21"]
[EventType "swiss"]
[EventRounds "9"]
[EventCountry "CZE"]
[SourceTitle "CBM 176 Extra"]
[Source "ChessBase"]
[SourceDate "2017.03.02"]
[SourceVersion "1"]
[SourceVersionDate "2017.03.02"]
[SourceQuality "1"]

1. e4 c5 2. Nf3 e6 3. d4 cxd4 4. Nxd4 a6 5. Nc3 Qc7 6. Be2 b5 7. 0-0 Bb7 8. a3 Nf6 9. Bf3 d6 10. g3 Be7 11. Bg2 0-0 12. f4 Nbd7 13. Qe2 Nb6 14. Kh1 Nc4 15. g4 Qb6 16. Rd1 Rac8 17. Rd3 Nd7 18. g5 g6 19. b3 Na5 20. Be3 Qd8 21. Nd1 e5 22. Nf2 exd4 23. Bxd4 Re8 24. Qg4 Rxc2 25. Qh3 h5 26. Bf3 Bf8 27. Bxh5 Rxe4 28. Nxe4 Bxe4+ 29. Bf3 Bxf3+ 30. Rxf3 Bg7 31. Bxg7 Kxg7 32. Raf1 1/2-1/2

[Event "Prague op 16th"]
[Site "Prague"]
[Date "2017.01.14"]
[Round "3"]
[White "Zerafa, Robert"]
[Black "Ananya, Rishi Gupta"]
[Result "0-1"]
[WhiteElo "2083"]
[BlackElo "1655"]
[PlyCount "72"]
[EventDate "2017.01.13"]
[EventType "swiss"]
[EventRounds "9"]
[EventCountry "CZE"]
[SourceTitle "CBM 176 Extra"]
[Source "ChessBase"]
[SourceDate "2017.03.02"]
[SourceVersion "1"]
[SourceVersionDate "2017.03.02"]
[SourceQuality "1"]

1. d4 d5 2. Nf3 Nf6 3. c4 c6 4. Nc3 Bf5 5. Bf4 e6 6. h3 h6 7. e3 Bd6 8. Bxd6 Qxd6 9. Qb3 Qc7 10. g4 Bh7 11. Bg2 Nbd7 12. Qa3 dxc4 13. Nd2 Bd3 14. Rc1 Nb6 15. Bf1 Bxf1 16. Kxf1 Qe7 17. Qxe7+ Kxe7 18. Ne2 g5 19. Nxc4 Nxc4 20. Rxc4 h5 21. Rg1 hxg4 22. hxg4 Rh4 23. f3 Nd5 24. Rc1 Nxe3+ 25. Kf2 Nd5 26. Rh1 Rah8 27. Rxh4 Rxh4 28. a3 Rh2+ 29. Ke1 Nf4 30. Rc2 Rxe2+ 31. Rxe2 Nxe2 32. Kxe2 Kd6 33. Kd3 Kd5 34. b3 f5 35. Ke3 fxg4 36. fxg4 e5 0-1

[Event "Olympiad-42"]
[Site "Baku"]
[Date "2016.09.10"]
[Round "8.3"]
[White "Giron Chavez, David Emanuel"]
[Black "Zerafa, Robert"]
[Result "0-1"]
[WhiteElo "2174"]
[BlackElo "2068"]
[PlyCount "58"]
[EventDate "2016.09.02"]
[EventType "team-swiss"]
[EventRounds "11"]
[EventCountry "AZE"]
[SourceTitle "CBM 175"]
[Source "ChessBase"]
[SourceDate "2016.11.10"]
[SourceVersion "1"]
[SourceVersionDate "2016.11.10"]
[SourceQuality "1"]
[WhiteTeam "Guatemala"]
[BlackTeam "Malta"]
[WhiteTeamCountry "GUA"]
[BlackTeamCountry "MLT"]

1. e4 e5 2. Nf3 Nc6 3. Bc4 Bc5 4. c3 Nf6 5. Qe2 d6 6. Bb3 Be6 7. Bc2 h6 8. d3 a6 9. a4 b5 10. Nbd2 0-0 11. h3 Re8 12. g4 d5 13. g5 Nh5 14. Nb3 Be7 15. gxh6 g6 16. Rg1 dxe4 17. Qxe4 Bd5 18. Qf5 Kh8 19. Qg4 Nf6 20. Qg2 e4 21. dxe4 Nxe4 22. Be3 Bf6 23. Rd1 Nxc3 24. bxc3 Bxc3+ 25. Ke2 Bc4+ 26. Bd3 Bxb3 27. Bxb5 Qf6 28. Bxc6 Qxc6 29. Nd4 Bc4+ 0-1

[Event "Olympiad-42"]
[Site "Baku"]
[Date "2016.09.05"]
[Round "4.2"]
[White "Priyankara, Chamil Y"]
[Black "Zerafa, Robert"]
[Result "0-1"]
[WhiteElo "2015"]
[BlackElo "2068"]
[PlyCount "106"]
[EventDate "2016.09.02"]
[EventType "team-swiss"]
[EventRounds "11"]
[EventCountry "AZE"]
[SourceTitle "CBM 175"]
[Source "ChessBase"]
[SourceDate "2016.11.10"]
[SourceVersion "1"]
[SourceVersionDate "2016.11.10"]
[SourceQuality "1"]
[WhiteTeam "Sri Lanka"]
[BlackTeam "Malta"]
[WhiteTeamCountry "SRI"]
[BlackTeamCountry "MLT"]

1. e4 e5 2. Nf3 Nc6 3. Bb5 a6 4. Ba4 Nf6 5. Qe2 Be7 6. 0-0 b5 7. Bb3 d6 8. c3 Na5 9. Bc2 c5 10. d4 Qc7 11. d5 0-0 12. Rd1 c4 13. Nbd2 Nb7 14. Nf1 Nc5 15. Ng3 Re8 16. b4 cxb3 17. axb3 Bd7 18. Bb2 a5 19. Qd2 Bf8 20. Nh4 g6 21. b4 axb4 22. cxb4 Na4 23. Bxa4 bxa4 24. Nf3 Bb5 25. h3 Rec8 26. Ne1 Bg7 27. Rdc1 Qb7 28. Rxc8+ Rxc8 29. Rc1 h5 30. Nf3 Rxc1+ 31. Qxc1 Bd3 32. Qe3 Qxb4 33. Qxd3 Qxb2 34. Qa6 a3 35. Qxd6 Nh7 36. Qd8+ Nf8 37. Qe7 a2 38. Ng5 Qc1+ 39. Kh2 Qf4 40. Qa3 h4 41. Nf3 hxg3+ 42. fxg3 Qxe4 43. Qxa2 Qd3 44. Qd2 Qxd2 45. Nxd2 Nd7 46. Nc4 e4 47. g4 Bd4 48. Kg3 Nb6 49. Nxb6 Bxb6 50. Kf4 e3 51. Kf3 Kf8 52. h4 Ke7 53. h5 Kd6 0-1

[Event "Olympiad-41"]
[Site "Tromsoe"]
[Date "2014.08.04"]
[Round "3.3"]
[White "Zerafa, Robert"]
[Black "Chan, Chak Man"]
[Result "1-0"]
[WhiteElo "2084"]
[BlackElo "1858"]
[PlyCount "77"]
[EventDate "2014.08.02"]
[EventType "team-swiss"]
[EventRounds "11"]
[EventCountry "NOR"]
[SourceTitle "CBM 162"]
[Source "ChessBase"]
[SourceDate "2014.09.17"]
[SourceVersion "1"]
[SourceVersionDate "2014.09.17"]
[SourceQuality "1"]
[WhiteTeam "Malta"]
[BlackTeam "Hong Kong"]
[WhiteTeamCountry "MLT"]
[BlackTeamCountry "HKG"]

1. Nf3 g6 2. c4 Bg7 3. Nc3 Nf6 4. g3 c6 5. Bg2 d5 6. d4 dxc4 7. a4 0-0 8. 0-0 Qa5 9. e4 b5 10. Bd2 b4 11. Na2 Na6 12. Ne5 Qb6 13. Be3 Qc7 14. Nxc4 Be6 15. Rc1 Rad8 16. Qc2 Nh5 17. Rfd1 f5 18. Bh3 Qc8 19. exf5 Rxf5 20. Bg2 Rff8 21. b3 Bf5 22. Qe2 c5 23. d5 e5 24. Bg5 Rd7 25. g4 h6 26. Be3 Nf4 27. Bxf4 exf4 28. gxf5 Re8 29. Qg4 g5 30. Re1 Rf8 31. Re6 Nc7 32. Rc6 Qe8 33. Rxc5 h5 34. Qxg5 Qe2 35. Nxb4 Kh8 36. Rc6 Rg8 37. Rg6 Ne8 38. Ne5 Qxe5 39. Qxh5+ 1-0

[Event "EU Small Countries ol 3rd"]
[Site "Monte Carlo"]
[Date "2013.11.27"]
[Round "4"]
[White "Zerafa, Robert"]
[Black "Constantinou, Pavlos"]
[Result "0-1"]
[WhiteElo "2102"]
[BlackElo "2074"]
[PlyCount "64"]
[EventDate "2013.11.25"]
[EventType "team-tourn"]
[EventRounds "9"]
[EventCountry "MNC"]
[SourceTitle "CBM 157 Extra"]
[Source "ChessBase"]
[SourceDate "2013.12.19"]
[SourceVersion "1"]
[SourceVersionDate "2013.12.19"]
[SourceQuality "1"]
[WhiteTeam "Malta"]
[BlackTeam "Cyprus"]
[WhiteTeamCountry "MLT"]
[BlackTeamCountry "CYP"]

1. Nf3 c5 2. g3 g6 3. c4 Bg7 4. Bg2 e5 5. Nc3 Ne7 6. d3 d6 7. 0-0 0-0 8. Ne1 Nbc6 9. Nc2 Rb8 10. Rb1 a6 11. b4 cxb4 12. Nxb4 Bd7 13. Nbd5 Nxd5 14. Nxd5 b5 15. Ba3 Be6 16. Qd2 Qd7 17. Rfc1 Bxd5 18. cxd5 Ne7 19. Qa5 Nf5 20. Rc7 Qd8 21. Bb4 Rc8 22. Rbc1 Rxc7 23. Qxc7 Qxc7 24. Rxc7 a5 25. Bd2 Rb8 26. Bxa5 Ra8 27. Bb4 Rxa2 28. Rb7 Rxe2 29. Rxb5 Bf8 30. Rb8 Kg7 31. Bf3 Ra2 32. Kg2 Ne3+ 0-1

[Event "EU Small Countries ol 3rd"]
[Site "Monte Carlo"]
[Date "2013.11.25"]
[Round "1"]
[White "Volpinari, Danilo"]
[Black "Zerafa, Robert"]
[Result "1-0"]
[WhiteElo "2009"]
[BlackElo "2102"]
[PlyCount "49"]
[EventDate "2013.11.25"]
[EventType "team-tourn"]
[EventRounds "9"]
[EventCountry "MNC"]
[SourceTitle "CBM 157 Extra"]
[Source "ChessBase"]
[SourceDate "2013.12.19"]
[SourceVersion "1"]
[SourceVersionDate "2013.12.19"]
[SourceQuality "1"]
[WhiteTeam "San Marino"]
[BlackTeam "Malta"]
[WhiteTeamCountry "SMR"]
[BlackTeamCountry "MLT"]

1. d4 e6 2. Nf3 f5 3. c4 Nf6 4. g3 b6 5. Bg2 Bb7 6. 0-0 Be7 7. b3 0-0 8. Bb2 Qe8 9. Nc3 Qh5 10. d5 Na6 11. e3 Nc5 12. Nd4 Qf7 13. dxe6 dxe6 14. Bxb7 Nxb7 15. Qf3 Nc5 16. Rad1 Nfe4 17. b4 Nxc3 18. Bxc3 Ne4 19. Be1 c5 20. Nc6 cxb4 21. Rd7 Rfe8 22. Bxb4 Nc5 23. Bxc5 bxc5 24. Rxe7 Rxe7 25. Nxe7+ 1-0

[Event "Olympiad-40"]
[Site "Istanbul"]
[Date "2012.09.09"]
[Round "11.2"]
[White "Pesqueira, Jose"]
[Black "Zerafa, Robert"]
[Result "0-1"]
[WhiteElo "1986"]
[BlackElo "2068"]
[PlyCount "90"]
[EventDate "2012.08.28"]
[EventType "team-swiss"]
[EventRounds "11"]
[EventCountry "TUR"]
[SourceTitle "CBM 151"]
[Source "ChessBase"]
[SourceDate "2012.11.13"]
[SourceVersion "1"]
[SourceVersionDate "2012.11.13"]
[SourceQuality "1"]
[WhiteTeam "Aruba"]
[BlackTeam "Malta"]
[WhiteTeamCountry "ARN"]
[BlackTeamCountry "MLT"]

1. d4 Nf6 2. c4 g6 3. Nc3 d5 4. cxd5 Nxd5 5. Bd2 Bg7 6. e4 Nb6 7. Be3 Nc6 8. Nf3 0-0 9. Be2 Bg4 10. d5 Bxf3 11. gxf3 Na5 12. Bd4 Bxd4 13. Qxd4 Nc6 14. Qe3 Nb8 15. h4 Re8 16. h5 N8d7 17. hxg6 fxg6 18. 0-0-0 e5 19. dxe6 Rxe6 20. f4 Qe7 21. Kb1 c6 22. Rdg1 Nd5 23. Nxd5 cxd5 24. Qd4 Qc5 25. Qxc5 Nxc5 26. f3 Kh8 27. Rd1 dxe4 28. Bc4 Re7 29. b4 Na4 30. Rde1 Rc8 31. Bb3 Nc3+ 32. Kb2 e3 33. Bc2 Nd5 34. Be4 Nxf4 35. Rxe3 Kg7 36. Rc3 Rxc3 37. Kxc3 Ne2+ 38. Kd3 Ng3 39. Re1 h5 40. Ke3 g5 41. Kf2 h4 42. a3 Kf6 43. Bd3 Rxe1 44. Kxe1 h3 45. Bf1 h2 0-1

[Event "Olympiad-40"]
[Site "Istanbul"]
[Date "2012.09.06"]
[Round "9.2"]
[White "Zerafa, Robert"]
[Black "Madrigal, Mariano"]
[Result "1-0"]
[WhiteElo "2068"]
[BlackElo "2155"]
[PlyCount "131"]
[EventDate "2012.08.28"]
[EventType "team-swiss"]
[EventRounds "11"]
[EventCountry "TUR"]
[SourceTitle "CBM 151"]
[Source "ChessBase"]
[SourceDate "2012.11.13"]
[SourceVersion "1"]
[SourceVersionDate "2012.11.13"]
[SourceQuality "1"]
[WhiteTeam "Malta"]
[BlackTeam "Nicaragua"]
[WhiteTeamCountry "MLT"]
[BlackTeamCountry "NCA"]

1. Nf3 Nf6 2. c4 g6 3. b3 Bg7 4. Bb2 c5 5. g3 0-0 6. Bg2 Nc6 7. 0-0 d6 8. d4 cxd4 9. Nxd4 Nxd4 10. Qxd4 a6 11. Rd1 Qa5 12. Nc3 Rb8 13. Nd5 Qd8 14. Qh4 Nxd5 15. Bxg7 Kxg7 16. cxd5 b5 17. b4 Rb7 18. Rac1 Rc7 19. Qd4+ Kg8 20. Qe3 Bf5 21. Rc6 Rxc6 22. dxc6 Qc7 23. Rc1 Be6 24. Qd2 Bc4 25. Bd5 Bxd5 26. Qxd5 Rc8 27. e4 Qb6 28. e5 dxe5 29. c7 Qd6 30. Qb7 Qd7 31. Qxa6 Rxc7 32. Rxc7 Qxc7 33. Qxb5 Qc3 34. h4 Qe1+ 35. Kg2 e6 36. a4 g5 37. hxg5 e4 38. Qb8+ Kg7 39. Qe5+ Kg8 40. Qb8+ Kg7 41. Qe5+ Kg8 42. Qd4 e5 43. Qxe5 Qxb4 44. a5 Qa3 45. Kh2 Qa2 46. Kg1 Qb1+ 47. Kg2 Qb7 48. Kh3 Qb1 49. Kg4 Qd1+ 50. Kf5 Qf3+ 51. Qf4 Qa3 52. Qb8+ Kg7 53. Qe5+ Kg8 54. Kxe4 Qb3 55. Kf4 Qc4+ 56. Kf3 Qc6+ 57. Kg4 Qc8+ 58. Qf5 Qc4+ 59. Kh3 Qc6 60. Kh2 h6 61. Qf6 Qb5 62. gxh6 Qh5+ 63. Kg2 Qd5+ 64. f3 Qd2+ 65. Kh3 Qd7+ 66. g4 1-0

[Event "Olympiad-40"]
[Site "Istanbul"]
[Date "2012.08.29"]
[Round "2.3"]
[White "Cooper, Gary"]
[Black "Zerafa, Robert"]
[Result "0-1"]
[WhiteElo "1893"]
[BlackElo "2068"]
[PlyCount "84"]
[EventDate "2012.08.28"]
[EventType "team-swiss"]
[EventRounds "11"]
[EventCountry "TUR"]
[SourceTitle "CBM 151"]
[Source "ChessBase"]
[SourceDate "2012.11.13"]
[SourceVersion "1"]
[SourceVersionDate "2012.11.13"]
[SourceQuality "1"]
[WhiteTeam "Bermuda"]
[BlackTeam "Malta"]
[WhiteTeamCountry "BER"]
[BlackTeamCountry "MLT"]

1. e4 c5 2. Nf3 e6 3. d4 cxd4 4. Nxd4 Nf6 5. Bg5 Qa5+ 6. Qd2 Bb4 7. c3 Nxe4 8. cxb4 Qxg5 9. Qxg5 Nxg5 10. Nc3 f6 11. Ndb5 Na6 12. Nd6+ Ke7 13. Bxa6 Kxd6 14. Be2 Ke7 15. 0-0-0 Rd8 16. f4 Nf7 17. Bf3 Rb8 18. Rhe1 b6 19. Bh5 Bb7 20. Bxf7 Kxf7 21. g3 d5 22. Rd4 Rbc8 23. Kd2 Rc4 24. Kd3 Ba6 25. b5 Rxd4+ 26. Kxd4 Bc8 27. a4 Ke7 28. Na2 Bd7 29. Nb4 Kd6 30. Re3 Rc8 31. Rc3 e5+ 32. fxe5+ fxe5+ 33. Kd3 d4 34. Rxc8 Bxc8 35. Nc6 a6 36. Na7 Bb7 37. b4 Kd5 38. Nc6 Bxc6 39. bxc6 Kxc6 40. Ke4 a5 41. bxa5 bxa5 42. g4 Kc5 0-1